Statistics for 1936 Country Flag - A

Click here to take the quiz!

General Stats

  • This quiz has been taken 44 times
  • The average score is 8 of 9

Answer Stats

Answer% Correct
Afghanistan
98%
Albania
98%
Argentina
98%
Andorra
95%
Australia
95%
Austria
95%
Armenia
90%
Azerbaijan
90%
Anglo Egypt
79%

Score Distribution

Percentile by Number Answered

Percent of People with Each Score

Your Score History

You have not taken this quiz